000
00278nam a22001337a 4500
020
_a
0-7214-17774-4
082
_a
821
_b
RAN/P
100
_a
RANDALL, RONNE
245
_a
PLAY TIME RHYMES
260
_a
UK
_b
LASY BIRD
300
_a
27
650
_a
ENGLISH RHYMES
_z
UK
942
_c
BK
999
_c
1732
_d
1732